| 000 -LEADER |
| fixed length control field |
00936nam a22002297a 4500 |
| 008 - FIXED-LENGTH DATA ELEMENTS--GENERAL INFORMATION |
| fixed length control field |
250527b xxu||||| |||| 00| 0 eng d |
| 040 ## - CATALOGING SOURCE |
| Original cataloging agency |
Cagayan State University |
| Description conventions |
RDA |
| 082 ## - DEWEY DECIMAL CLASSIFICATION NUMBER |
| Classification number |
791.4372 |
| Item number |
P6118 2025 |
| 245 ## - TITLE STATEMENT |
| Title |
Picture this / directed by Prarthana Mohan ; produced by Ben Pugh, Erica Steinberg. |
| 260 ## - PUBLICATION, DISTRIBUTION, ETC. (IMPRINT) |
| Place of publication, distribution, etc |
United Kingdom : |
| Name of publisher, distributor, etc |
Amazon Prime Video, |
| Date of publication, distribution, etc |
2025. |
| 300 ## - PHYSICAL DESCRIPTION |
| Extent |
1 videofile (ca. 101 mins.) : |
| Other physical details |
sound, color. |
| 520 ## - SUMMARY, ETC. |
| Summary, etc |
Struggling photographer Pia receives a prediction: true love awaits in her next five dates. With her sister's wedding looming and her family playing matchmaker, her ex re-appears, throwing her love life into chaos. |
| 521 ## - TARGET AUDIENCE NOTE |
| Target audience note |
Not rated. |
| 546 ## - LANGUAGE NOTE |
| Language note |
English. |
| 650 ## - SUBJECT ADDED ENTRY--TOPICAL TERM |
| Topical term or geographic name as entry element |
Comedy |
| 650 ## - SUBJECT ADDED ENTRY--TOPICAL TERM |
| Topical term or geographic name as entry element |
Romance |
| 700 ## - ADDED ENTRY--PERSONAL NAME |
| Personal name |
Ashley, Simone, star. |
| 700 ## - ADDED ENTRY--PERSONAL NAME |
| Personal name |
Tiffin, Hero Fiennes, star. |
| 700 ## - ADDED ENTRY--PERSONAL NAME |
| Personal name |
Higgs, David, cinematographer. |
| 700 ## - ADDED ENTRY--PERSONAL NAME |
| Personal name |
Dollner, Gary, editor. |
| 942 ## - ADDED ENTRY ELEMENTS (KOHA) |
| Source of classification or shelving scheme |
|
| Item type |
Audio-Visual Materials |